[Event "Corus"]
[Site "Wijk aan Zee 65"]
[Date "2003.01.18"]
[Round "6"]
[White "Bareev, Evgeny"]
[Black "Van Wely, Loek"]
[Result "0-1"]
[WhiteElo "2729"]
[BlackElo "2668"]
[Annotator "JvR"]
[PlyCount "146"]
[EventDate "2003.??.??"]
[EventCountry "NED"]

1. d4 Nf6 2. c4 g6 3. Nc3 d5 4. Nf3 Bg7 5. Qb3 dxc4 6. Qxc4 O-O 7. e4 a6 8. Be2
b5 9. Qb3 c5 10. dxc5 Bb7 11. O-O Nxe4 12. Nxe4 Bxe4 13. Bf4 Bd5 14. Qe3 Bxb2
15. Rad1 e6 16. Nd4 $5 Bxd4 17. Rxd4 Nc6 18. Rd2 Qf6 19. Rc1 Rfe8 20. h3 e5 21.
Bg5 Qe6 22. Bg4 f5 23. Bd1 f4 24. Qc3 Nd4 25. Bxf4 Bxa2 26. c6 $6 {Technical
problems begin for White.} Bc4 27. c7 Qd6 28. Bg3 Re7 29. Qa5 $6 ({Van Wely
and Chuchelov prefer} 29. Bxe5 Qxe5 30. Rxd4 Qxc7 31. Bb3) 29... Rc8 30. Bg4
Rcxc7 31. Rcd1 Nb3 $6 32. Rxd6 Nxa5 33. Bh4 $1 Rf7 34. Rxa6 $6 {A comedy of
exchange losses begins.} ({Better is} 34. Bd8) 34... Nc6 35. Rd6 Nb4 36. Ra8+
Kg7 37. Bg3 Nd3 38. Rxd3 $1 Bxd3 39. Bxe5+ Kh6 40. Rd8 $6 ({Right is} 40. Bxc7
Rxc7 41. Rb8 Rc2 {(Van Wely and Chuchelov).}) 40... Rce7 $6 (40... Rc1+ {keeps
the exchange.}) 41. Bd6 $2 (41. Bc3 $1 Bc4 42. Bd2+ Kg7 43. Bc3+ Kh6 44. Bd2+
g5 45. h4 {gives sufficient counter-play.}) 41... Re1+ $1 42. Kh2 Bf5 43. Bb4
Re6 44. Bd1 Rc6 45. Bb3 Be6 46. Bd2+ Kg7 47. Bxe6 Rxe6 48. Bc3+ Kh6 49. f4 Rc6
50. Bd4 g5 51. fxg5+ Kxg5 52. Rb8 Rf5 53. Rg8+ Rg6 54. Rh8 h5 55. Kg3 Rd5 56.
Be3+ Kf6+ 57. Kf3 Kg7 58. Rb8 Re6 59. Bf4 Rd3+ 60. Kf2 Rb3 61. Rd8 Re4 62. Bd2
Kf6 63. Rf8+ Ke6 64. Rh8 Re5 65. Bf4 Rf5 66. g3 Rc5 67. Be3 Rf5+ 68. Bf4 b4 69.
Ke2 Ra5 70. Rh6+ Kf7 71. Kd2 Ra2+ 72. Kc1 Rf3 73. Kb1 b3 0-1

[Event "Corus"]
[Site "Wijk aan Zee 65"]
[Date "2003.01.18"]
[Round "6"]
[White "Kramnik, Vladimir"]
[Black "Grischuk, Alexander"]
[Result "1/2-1/2"]
[WhiteElo "2807"]
[BlackElo "2712"]
[PlyCount "40"]
[EventDate "2003.??.??"]
[EventCountry "NED"]

1. e4 c5 2. Nc3 Nc6 3. Nf3 e5 4. Bc4 d6 5. d3 Be7 6. O-O Nf6 7. Ng5 O-O 8. f4
Bg4 9. Qe1 exf4 10. Bxf4 Nd4 11. Qd2 Qd7 12. a4 h6 13. Nf3 Nxf3+ 14. gxf3 Be6
15. Kh1 Kh7 16. Bb5 Qd8 17. d4 cxd4 18. Ne2 Nh5 19. Bg3 Nxg3+ 20. hxg3 Bg5
1/2-1/2

[Event "Corus"]
[Site "Wijk aan Zee 65"]
[Date "2003.01.19"]
[Round "7"]
[White "Polgar, Judit"]
[Black "Kramnik, Vladimir"]
[Result "1/2-1/2"]
[WhiteElo "2700"]
[BlackElo "2807"]
[Annotator "JvR"]
[PlyCount "193"]
[EventDate "2003.??.??"]
[EventCountry "NED"]

1. e4 c5 2. Nf3 Nc6 3. d4 cxd4 4. Nxd4 Nf6 5. Nc3 e5 6. Ndb5 d6 7. Bg5 a6 8.
Na3 b5 9. Nd5 Be7 10. Bxf6 Bxf6 11. c3 Rb8 12. Nc2 Bg5 13. a3 Ne7 $5 14. Nxe7
Qxe7 15. Nb4 Qd7 16. Bd3 O-O 17. O-O Qb7 18. a4 a5 19. Nd5 bxa4 20. Qxa4 Be6
21. Bc4 $6 Qxb2 22. Ra2 Qb7 23. Qxa5 Qc6 24. Ra4 Ra8 25. Qb5 Qxb5 26. Bxb5 Rxa4
27. Bxa4 Bxd5 28. exd5 Ra8 29. Rb1 g6 30. Bc6 Ra3 31. c4 Rc3 32. g3 $6 Rxc4 {
Judit has lost a pawn, but she survives due to the bishops of different colour.
} 33. Rb8+ Kg7 34. Rb7 Rc3 35. Be8 Rf3 36. Ba4 Ra3 37. Be8 Rf3 38. Ba4 e4 39.
Kg2 Ra3 40. Be8 Rf3 41. Ba4 Bd2 42. Rb3 Rf5 43. Bc6 Be1 44. Rb2 Bc3 45. Re2 Bd4
46. Bd7 Re5 47. Bc6 Re7 48. Ra2 Bc5 49. Re2 h5 50. h4 Kf6 51. Ra2 Re5 52. Re2
Kg7 53. f4 Re7 54. Ra2 Kf6 55. Kf1 Kf5 56. Kg2 Kg4 57. Ba4 Rb7 58. Bd1+ Kf5 59.
Re2 e3 60. Kf3 Kf6 61. Rc2 Rb4 62. Be2 Kg7 63. Rc1 Rb2 64. Rd1 Kf6 65. Rd3 Ke7
66. Rd1 Kd8 67. Ra1 Kd7 68. Rd1 Ra2 69. Bb5+ Kc7 70. Be2 f5 71. Rd3 Rd2 72.
Rxd2 exd2 73. Bd1 Kb6 74. Ke2 Ka5 75. Bc2 Bg1 76. Kxd2 Bh2 77. g4 Bxf4+ 78. Ke2
hxg4 79. h5 gxh5 80. Bxf5 Kb4 81. Bg6 h4 82. Bf5 g3 83. Kf3 Kc4 84. Bh3 Be5 85.
Ke4 Bf6 86. Bf1+ Kc3 87. Bg2 Kc4 88. Bf1+ Kc5 89. Bg2 Be7 90. Bf1 Bd8 91. Bg2
Kc4 92. Bf1+ Kc3 93. Bg2 Kd2 94. Kf3 Kd3 95. Kg4 Ke3 96. Kh3 Bf6 97. Bh1
1/2-1/2

[Event "Corus"]
[Site "Wijk aan Zee 65"]
[Date "2003.01.19"]
[Round "7"]
[White "Shirov, Alexei"]
[Black "Bareev, Evgeny"]
[Result "1-0"]
[WhiteElo "2723"]
[BlackElo "2729"]
[Annotator "JvR"]
[PlyCount "75"]
[EventDate "2003.??.??"]
[EventCountry "NED"]

1. e4 e6 2. d4 d5 3. Nc3 Nf6 4. e5 Nfd7 5. f4 c5 6. Nf3 Nc6 7. Be3 cxd4 8. Nxd4
Bc5 9. Qd2 Bxd4 10. Bxd4 Nxd4 11. Qxd4 Qb6 12. Qd2 Qxb2 $5 13. Rb1 Qa3 14. Nb5
Qxa2 $5 ({The alternative gives} 14... Qc5 15. Nd6+ {(Nielsen-Holst, Aars 1999)
} Kf8 $1) 15. Nd6+ Kf8 16. Rd1 Qb2 17. Be2 Qb6 $2 ({More active is} 17... a5 $1
18. O-O Qb4) 18. c4 $1 d4 19. Bf3 $2 ({White wins by} 19. Bh5 g6 20. O-O $3
gxh5 21. f5 d3+ 22. Kh1 Nxe5 23. Qh6+ Ke7 24. c5 $1 Qxc5 25. Ne4 Qd5 26. Qf6+
Kd7 27. Qxh8 Qxe4 28. Rfe1 {(Shirov).}) 19... a5 $6 20. O-O d3+ 21. Kh1 Qd4 $2
({Right is} 21... Nc5) 22. Nb5 $1 {White offers the c-pawn in order to open
the position.} Qc5 (22... Qxc4) ({Or} 22... Qxc4 23. Nd6 Qd4 24. Rc1 Nb6 25.
Rc3 Bd7 26. Rb1) 23. Qxd3 g6 24. Nd6 Nb6 25. Rb1 $1 Kg7 26. Rb5 Qc7 27. Qd4 Nd7
28. f5 $1 {Shirov crushes the defence.} gxf5 29. Nxf5+ exf5 30. e6+ Ne5 31.
Rxe5 f6 32. Rxf5 Rf8 33. Bd5 Qe7 34. Rh5 Kh8 35. Be4 Bxe6 36. Rxh7+ Qxh7 37.
Bxh7 Kxh7 38. Qe4+ 1-0

[Event "Corus"]
[Site "Wijk aan Zee 65"]
[Date "2003.01.20"]
[Round "8"]
[White "Shirov, Alexei"]
[Black "Grischuk, Alexander"]
[Result "0-1"]
[WhiteElo "2723"]
[BlackElo "2712"]
[Annotator "JvR"]
[PlyCount "64"]
[EventDate "2003.??.??"]
[EventCountry "NED"]

1. e4 c5 2. Nf3 Nc6 3. d4 cxd4 4. Nxd4 Nf6 5. Nc3 e5 6. Ndb5 d6 7. Bg5 a6 8.
Na3 b5 9. Bxf6 gxf6 10. Nd5 f5 11. Bd3 Be6 12. O-O Bxd5 13. exd5 Ne7 14. c3 Bg7
15. Qh5 e4 16. Bc2 Qc8 17. Rae1 O-O 18. Bb3 a5 19. Qg5 Qb7 20. f3 h6 21. Qf4 $5
({Shirov played} 21. Qg3 $1 {against Kramnik in round five.}) 21... a4 22. Bc2
b4 23. cxb4 Qxb4 24. fxe4 Ng6 $1 {Black keeps the position closed.} 25. Qxf5
Bxb2 26. e5 $5 Bxe5 27. Nb1 Rae8 28. Be4 $2 {Shirov breaks down.} ({Right is} 
28. Re4 Qc5+ 29. Qf2) 28... Bf4 $1 29. g3 Re5 30. Qg4 Rxe4 31. Rxe4 Qxe4 32.
gxf4 Rb8 $1 {White has no proper defence line.} 0-1

[Event "Corus"]
[Site "Wijk aan Zee 65"]
[Date "2003.01.21"]
[Round "9"]
[White "Grischuk, Alexander"]
[Black "Bareev, Evgeny"]
[Result "0-1"]
[WhiteElo "2712"]
[BlackElo "2729"]
[Annotator "JvR"]
[PlyCount "76"]
[EventDate "2003.??.??"]
[EventCountry "NED"]

1. e4 c6 2. d4 d5 3. e5 Bf5 4. Nc3 e6 5. g4 Bg6 6. Nge2 c5 7. h4 h5 8. Nf4 Bh7
9. Nxh5 cxd4 10. Nb5 Nc6 11. Nxd4 Nge7 12. Rh3 $5 {Grischuk has a weird idea.}
a6 13. Bg5 Qb6 $1 14. Nxc6 Nxc6 $1 {Black combines defence and development.}
15. Bd3 $2 ({Right is} 15. Rb3 Qa5+ 16. Bd2 Qc7 {(Bareev).}) 15... Bxd3 $5 {
Pawn b2 could be captured.} 16. Rxd3 Qb4+ $5 17. c3 Qe4+ $2 {Pawn b2 should be
taken.} 18. Re3 Qg2 19. Rc1 Qg1+ 20. Kd2 Qxf2+ 21. Re2 $2 ({Correct is} 21. Qe2
Qxe2+ 22. Rxe2) 21... Qc5 22. Qa4 Rc8 23. Rf1 Rc7 24. Kc1 d4 25. Rd1 Rd7 26.
Red2 Qxe5 27. cxd4 $2 ({The last chance gives} 27. Qc4 $1) 27... Qe4 $1 {
Suddenly the white position falls apart by the dominating black queen.} 28. Rc2
f6 29. Bd2 ({Or} 29. Bxf6 Rxh5 $1) 29... b5 30. Qxa6 Nxd4 31. Rc8+ Kf7 32. Ng3
Qxg4 33. Rg1 Ne2+ 34. Nxe2 Qxe2 35. Rd1 Bb4 $1 36. Qc6 Bxd2+ 37. Kc2 Ba5+ 38.
Kb3 Qxd1+ 0-1

[Event "Corus"]
[Site "Wijk aan Zee 65"]
[Date "2003.01.21"]
[Round "9"]
[White "Polgar, Judit"]
[Black "Shirov, Alexei"]
[Result "1/2-1/2"]
[WhiteElo "2700"]
[BlackElo "2723"]
[PlyCount "44"]
[EventDate "2003.??.??"]
[EventCountry "NED"]

1. e4 c5 2. Nf3 Nc6 3. d4 cxd4 4. Nxd4 Nf6 5. Nc3 e5 6. Ndb5 d6 7. Bg5 a6 8.
Na3 b5 9. Nd5 Be7 10. Bxf6 Bxf6 11. c3 Bg5 12. Nc2 O-O 13. a4 bxa4 14. Rxa4 a5
15. Bb5 Ne7 16. Ncb4 Bd7 17. Nxe7+ Bxe7 18. Nc6 Qe8 19. Qd5 Be6 20. Qd3 Bd7 21.
Qd5 Be6 22. Qd3 Bd7 1/2-1/2

[Event "Corus"]
[Site "Wijk aan Zee 65"]
[Date "2003.01.21"]
[Round "9"]
[White "Van Wely, Loek"]
[Black "Ivanchuk, Vassily"]
[Result "1/2-1/2"]
[WhiteElo "2668"]
[BlackElo "2699"]
[PlyCount "39"]
[EventDate "2003.??.??"]
[EventCountry "NED"]

1. d4 d5 2. c4 c6 3. Nf3 Nf6 4. e3 g6 5. Nc3 Bg7 6. Bd3 O-O 7. O-O Bg4 8. h3
Bxf3 9. Qxf3 e6 10. Rd1 Nbd7 11. b3 Re8 12. Bb2 Qe7 13. Bf1 Rad8 14. a4 Rc8 15.
Ba3 Qd8 16. Rab1 a5 17. Qe2 Bf8 18. Qb2 Ra8 19. Bxf8 Rxf8 20. b4 1/2-1/2

[Event "Corus"]
[Site "Wijk aan Zee 65"]
[Date "2003.01.23"]
[Round "10"]
[White "Grischuk, Alexander"]
[Black "Polgar, Judit"]
[Result "0-1"]
[WhiteElo "2712"]
[BlackElo "2700"]
[Annotator "JvR"]
[PlyCount "94"]
[EventDate "2003.??.??"]
[EventCountry "NED"]

1. e4 c5 2. Nf3 e6 3. d4 cxd4 4. Nxd4 Nc6 5. Nc3 Qc7 6. Be3 a6 7. Qd2 b5 8.
Nxc6 Qxc6 9. f3 Bb7 10. O-O-O Ne7 11. Kb1 Ng6 12. h4 b4 13. Ne2 Ne5 14. Nf4 Rc8
15. Bd4 f6 16. Nh5 Qd6 17. Qe1 Qc7 18. Rd2 Bc5 $2 {Judit miscalculates.} 19.
Nxg7+ $1 Ke7 20. Qe3 $2 (20. Bxc5+ Qxc5 21. f4 {wins easily.}) 20... h5 $1 21.
Be2 Rh7 22. Nxh5 Rxh5 23. f4 Bxd4 24. Qxd4 Nc6 25. Qe3 Rh7 26. g4 Rg8 27. g5
fxg5 28. fxg5 Qe5 29. Rdd1 Kd8 30. Qb6+ Kc8 31. Qf2 $2 (31. Bxa6 Bxa6 32. Qxa6+
Kc7 {(Grischuk) is better.}) 31... a5 32. Rhg1 a4 $1 33. g6 a3 34. c3 Rh6 35.
g7 bxc3 36. bxa3 Rf6 37. Qb6 Rf7 38. Rg5 Qxe4+ 39. Bd3 Qf3 40. Kc2 Rgxg7 41.
Rxg7 Rxg7 42. Rf1 Rg2+ 43. Kc1 Rb2 $1 44. Qxb7+ Kxb7 45. Rxf3 Rh2 46. Rf4 d5
47. h5 e5 {Judit had won the blunder festival on her way to the second place.}
0-1

[Event "Corus"]
[Site "Wijk aan Zee 65"]
[Date "2003.01.23"]
[Round "10"]
[White "Shirov, Alexei"]
[Black "Anand, Viswanathan"]
[Result "0-1"]
[WhiteElo "2723"]
[BlackElo "2753"]
[Annotator "JvR"]
[PlyCount "72"]
[EventDate "2003.??.??"]
[EventCountry "NED"]

1. e4 c6 2. d4 d5 3. e5 Bf5 4. Nc3 e6 5. g4 Bg6 6. Nge2 c5 7. Be3 Nc6 8. dxc5
Nxe5 9. Nf4 Ne7 10. Qe2 $5 N7c6 11. O-O-O Be7 $1 ({Known is} 11... Qa5 {(De
Vreugt-Kallai, Germany 2001).}) 12. Nfxd5 $6 exd5 13. f4 $2 ({Anand recommends
} 13. Rxd5 Qc8 14. h3 f6 15. f4 Nd7 16. Bg2 O-O) 13... d4 $1 14. h4 ({The
pointe is} 14. fxe5 Bg5 $1 15. Bxg5 Qxg5+ 16. Kb1 dxc3) 14... Nd3+ $1 {The
desperado sacrifice wins.} 15. cxd3 h5 $1 16. f5 Bh7 17. Bd2 dxc3 18. Bxc3 O-O
19. d4 a5 20. a3 Re8 21. Qc4 Bxh4 22. Bd3 hxg4 23. Kb1 Qg5 24. Ka1 Rad8 25. Bb1
Ne7 26. Bxa5 Bxf5 27. Bxd8 Rxd8 28. Rhf1 g6 29. Qb3 Be6 30. Qxb7 Qd5 31. Qxd5
Nxd5 32. Rh1 Bf2 33. c6 Rc8 34. Rc1 g3 35. Be4 Nf6 36. Bg2 Bd5 {Black's passed
pawn is stronger than the white quartet of free men.  Anand had won an
important game on his way the the general victory.} 0-1

[Event "Corus"]
[Site "Wijk aan Zee 65"]
[Date "2003.01.24"]
[Round "11"]
[White "Anand, Viswanathan"]
[Black "Grischuk, Alexander"]
[Result "1/2-1/2"]
[WhiteElo "2753"]
[BlackElo "2712"]
[PlyCount "25"]
[EventDate "2003.??.??"]
[EventCountry "NED"]

1. e4 c5 2. Nf3 Nc6 3. Bb5 e6 4. Bxc6 bxc6 5. d3 Ne7 6. Qe2 Qc7 7. Nc3 Ng6 8.
Ng5 e5 9. Qh5 d6 10. O-O h6 11. Nh3 Be7 12. Kh1 Bf6 13. Ng1 1/2-1/2

[Event "Corus"]
[Site "Wijk aan Zee 65"]
[Date "2003.01.24"]
[Round "11"]
[White "Van Wely, Loek"]
[Black "Kramnik, Vladimir"]
[Result "1-0"]
[WhiteElo "2668"]
[BlackElo "2807"]
[Annotator "JvR"]
[PlyCount "97"]
[EventDate "2003.??.??"]
[EventCountry "NED"]

1. d4 Nf6 2. c4 e6 3. Nc3 Bb4 4. Qc2 O-O 5. a3 Bxc3+ 6. Qxc3 b6 7. Bg5 Bb7 8.
f3 d6 9. e4 c5 10. dxc5 bxc5 11. O-O-O Nc6 12. Bxf6 gxf6 13. Ne2 e5 14. Qd2 Nd4
15. Qh6 Kh8 16. h4 Rb8 17. Nxd4 cxd4 18. Rd2 Rg8 19. h5 Ba6 20. Bd3 Rb6 21. Rc2
Rb3 22. Rd1 Qe7 23. Bf1 Qe6 24. Bd3 Rc8 25. Kb1 Rcb8 26. Ka1 Qe7 27. g4 Bc8 28.
Rg2 Bd7 29. Rdd2 Rg8 30. Ka2 Rb6 31. Rdf2 Be6 32. Rg1 Rc6 33. b3 $1 Rb6 (33...
a5 $1 {is more useful.}) 34. Rfg2 Rbb8 35. f4 Bd7 36. g5 fxg5 37. fxg5 Rg7 38.
Qf6 Qxf6 $2 ({Right is} 38... Qe6 {(Van Wely).}) 39. gxf6 Rxg2+ 40. Rxg2 h6 41.
b4 Rg8 42. Rxg8+ Kxg8 43. b5 Bg4 $6 {Kramnik plays the bishop ending poorly.} (
{However,} 43... Kf8 44. Kb3 $1 Ke8 45. Kb4 Kd8 46. c5 dxc5+ 47. Kxc5 Kc7 48.
Kd5 Kb6 49. Kxe5 {also wins for White (Chuchelov).}) 44. a4 Kf8 ({No good is} 
44... Bxh5 45. a5 Bg4 46. a6 Bd7 47. Be2 $1 {(Van Wely).}) 45. a5 Ke8 46. a6
Kd8 ({Or} 46... Bc8 47. c5 $1 dxc5 48. Bc4) 47. b6 Bd7 48. c5 $1 dxc5 49. Bc4
1-0

[Event "Corus"]
[Site "Wijk aan Zee 65"]
[Date "2003.01.25"]
[Round "12"]
[White "Bareev, Evgeny"]
[Black "Ivanchuk, Vassily"]
[Result "1-0"]
[WhiteElo "2729"]
[BlackElo "2699"]
[Annotator "JvR"]
[PlyCount "67"]
[EventDate "2003.??.??"]
[EventCountry "NED"]

1. d4 Nf6 2. c4 e6 3. Nc3 Bb4 4. Qc2 d5 5. cxd5 Qxd5 6. e3 c5 7. Bd2 Bxc3 8.
bxc3 b6 9. Nf3 Bb7 10. Be2 Nbd7 11. O-O Rc8 12. c4 Qe4 13. Bd3 Qg4 14. d5 $6
exd5 15. cxd5 Bxd5 16. e4 $1 Bb7 17. h3 Qh5 18. e5 Nd5 19. Rae1 $6 Nb4 20. Bxb4
cxb4 21. Qd2 Bxf3 22. e6 $1 Nf6 $1 23. Qf4 $5 {Bareev attacks but he has
overreached himself actually.} O-O $2 ({Right is} 23... Bd5 24. Qd6 Bxe6 25.
Rxe6+ fxe6 26. Qxe6+ Kd8 27. Bf5 Rc7 {and Black wins (Bareev).}) 24. e7 $1 Rfe8
25. Re5 $1 Nd5 $2 ({Right is} 25... Rxe7 $1 26. Rxh5 Bxh5 27. Qxb4 $11 {
(Bareev).}) 26. Qg3 Nxe7 27. Rxh5 Bxh5 28. Re1 Nd5 29. Rxe8+ Rxe8 30. Bc4 $1
Nc3 31. Qc7 b5 32. Bb3 a6 33. f4 Ne2+ 34. Kh2 {Black has no defence against 35.
g4.} 1-0

[Event "Corus"]
[Site "Wijk aan Zee 65"]
[Date "2003.01.25"]
[Round "12"]
[White "Polgar, Judit"]
[Black "Anand, Viswanathan"]
[Result "1/2-1/2"]
[WhiteElo "2700"]
[BlackElo "2753"]
[Annotator "JvR"]
[PlyCount "60"]
[EventDate "2003.??.??"]
[EventCountry "NED"]

1. e4 c6 2. d4 d5 3. Nc3 dxe4 4. Nxe4 Bf5 5. Ng3 Bg6 6. h4 h6 7. Nf3 Nd7 8. h5
Bh7 9. Bd3 Bxd3 10. Qxd3 Ngf6 11. Bf4 e6 12. O-O-O Be7 13. Kb1 O-O 14. Ne4 Qa5
15. Nxf6+ Nxf6 16. g4 $5 {Vishy leads by half-a-point on Judit. She has
prepared a novelty with the help of a computer.} Nxg4 $1 17. Rdg1 Qf5 ({Anand
has no stomach for the problems of} 17... Nxf2 $5 18. Qe2 Nxh1 19. Qg2 $1) 18.
Qd2 g5 $1 {Black chooses the radical solution.} 19. hxg6 fxg6 20. Bxh6 (20. Qe2
h5 21. Ne5 Nxe5 22. Bxe5 {will bring White a plus in Hector-Rasmussen,
Copenhagen 2003.}) 20... Qxf3 21. Bxf8 Rxf8 22. d5 $1 cxd5 23. Qd4 Nf6 $1 24.
Rxg6+ Kf7 25. Rhg1 Rc8 $1 26. Rg7+ Kf8 27. Qh4 Ke8 28. Qa4+ Kf8 29. Qh4 Ke8 30.
Qa4+ Kf8 {Anand had defended his top position.} 1/2-1/2

[Event "Corus"]
[Site "Wijk aan Zee 65"]
[Date "2003.01.26"]
[Round "13"]
[White "Van Wely, Loek"]
[Black "Shirov, Alexei"]
[Result "0-1"]
[WhiteElo "2668"]
[BlackElo "2723"]
[Annotator "JvR"]
[PlyCount "80"]
[EventDate "2003.??.??"]
[EventCountry "NED"]

1. d4 d5 2. c4 dxc4 3. Nf3 Nf6 4. e3 e6 5. Bxc4 c5 6. O-O a6 7. dxc5 Bxc5 8.
Qxd8+ Kxd8 9. Ne5 Ke7 10. Be2 Nbd7 11. Nd3 Bd6 12. Nd2 Nc5 13. Nc4 Nxd3 14.
Bxd3 Bc5 15. Be2 Rd8 16. b3 Bd7 17. Bf3 Nd5 18. Bb2 f6 19. Rac1 Rdc8 $1 20.
Rfd1 b5 $1 {Black takes over the initiative.} 21. e4 $2 ({The following
problems are avoided by} 21. Na3 Ra7 22. Nb1 $1) 21... Nb4 $1 22. e5 Nxa2 $1
23. Rc2 $6 ({Better is} 23. Bxa8 $1 Nxc1 24. Bb7 Ne2+ $1 25. Kf1 Rc7 26. Nd6
Bb4 $1 27. Bxa6 Rc2 28. Ba1 Nf4 {Black has a plus (Notkin).}) 23... Nb4 24.
Rcd2 Bc6 25. Bxc6 Nxc6 26. exf6+ gxf6 27. Rd7+ Ke8 28. Ne3 Be7 29. Ng4 e5 30.
f4 $5 h5 $1 31. Nf2 $6 ({Opportunism continues by} 31. Nh6 $5) 31... Nd4 32.
Rb7 Ne2+ 33. Kf1 Nxf4 34. Rdd7 Ng6 35. Ne4 Rc6 36. h4 f5 37. Ng3 Rd8 38. Rdc7
Rxc7 39. Rxc7 Rd1+ 40. Ke2 Rg1 {Van Wely had been leading but he could not
keep his great form until the end.   Anand won the tournament with 8 1/2 out
of 13, half-a-point before Polgár. They lost no games. Bareev became third.
The fourth place was shared by Van Wely, Shirov, Grischuk, Ivanchuk and world
champion Kramnik.} 0-1

[Event "Corus"]
[Site "Wijk aan Zee 66"]
[Date "2004.01.11"]
[Round "2"]
[White "Kramnik, Vladimir"]
[Black "Van Wely, Loek"]
[Result "1-0"]
[WhiteElo "2777"]
[BlackElo "2617"]
[Annotator "JvR"]
[PlyCount "89"]
[EventDate "2004.??.??"]
[EventCountry "NED"]

1. e4 c5 2. Nf3 Nc6 3. Nc3 g6 4. d4 cxd4 5. Nxd4 Bg7 6. Be3 Nf6 7. Bc4 O-O 8.
Bb3 d6 9. f3 Bd7 10. Qd2 Nxd4 11. Bxd4 b5 12. a4 a6 $6 ({Usual is} 12... b4 {
(David-Van Wely, France 1999).}) 13. O-O Bc6 14. axb5 axb5 15. Na2 Bb7 16. Nb4
{White has a plus.} Nd7 17. Bxg7 Kxg7 18. Rae1 Qb6+ 19. Kh1 Nf6 20. Bd5 Rac8 $6
{Black gives up the a-file unnecessarily.} 21. Re3 Rc5 22. Ra3 Rd8 23. Rfa1 Rd7
24. Bxb7 Qxb7 25. c3 Rc4 26. Qe3 Qc8 27. Ra5 Rb7 28. Ra8 Qd7 29. Qd3 Qc7 30. g3
h5 $5 {Loek seeks counteraction.} 31. Kg2 Qc5 32. Qd2 h4 $6 33. g4 $6 (33. Rh8
$1 Kxh8 34. Qh6+ Kg8 35. Ra8+ Qc8 36. Rxc8+ Rxc8 37. Qxh4 {utilises an
opportunity (Kramnik).}) 33... Nxe4 $1 {Black gets real counter-play.} 34. fxe4
Rxe4 35. Nd5 Rxg4+ 36. Kh3 Re4 $2 {Both players miss tactics under time
pressure.} (36... f5 $1 {continues the counterattack.}) 37. Rh8 $1 f6 38. Rxh4
$6 (38. Qh6+ Kf7 39. Rh7+ Ke6 40. Qxg6 {wins at once (Kramnik).}) 38... Rxh4+
39. Kxh4 e6 40. Nb4 Rb8 41. Kg3 d5 42. Kg2 Rh8 43. Nd3 Qb6 44. Nf4 g5 $2 45.
Qd4 1-0

[Event "Corus"]
[Site "Wijk aan Zee 66"]
[Date "2004.01.17"]
[Round "6"]
[White "Adams, Michael"]
[Black "Bareev, Evgeny"]
[Result "1-0"]
[WhiteElo "2720"]
[BlackElo "2714"]
[Annotator "JvR"]
[PlyCount "49"]
[EventDate "2004.??.??"]
[EventCountry "NED"]

1. e4 e6 2. d4 d5 3. Nd2 c5 4. Ngf3 cxd4 5. exd5 Qxd5 6. Bc4 Qd6 7. O-O Nf6 8.
Nb3 Nc6 9. Nbxd4 Nxd4 10. Nxd4 a6 11. Bb3 Qc7 12. Qf3 Bd6 13. Kh1 Bd7 14. Bg5
Be5 15. Rad1 h6 16. Bh4 O-O 17. Rfe1 Rfd8 18. c3 Rac8 $5 {A new move is played
at last. White has a plus.} 19. h3 Bxd4 20. Rxd4 Bc6 21. Qe3 Rxd4 22. Qxd4 Qd8
$5 ({Psakhis favours} 22... Rd8) 23. Bxf6 Qxf6 $2 ({Right is} 23... gxf6) 24.
Qxf6 gxf6 25. Rxe6 $1 {Adams applies a 'petite combinaison'.} 1-0

[Event "Corus"]
[Site "Wijk aan Zee 66"]
[Date "2004.01.18"]
[Round "7"]
[White "Van Wely, Loek"]
[Black "Leko, Peter"]
[Result "1/2-1/2"]
[WhiteElo "2617"]
[BlackElo "2722"]
[Annotator "JvR"]
[PlyCount "55"]
[EventDate "2004.??.??"]
[EventCountry "NED"]

1. d4 Nf6 2. c4 e6 3. Nf3 b6 4. g3 Ba6 5. Qa4 Bb7 6. Bg2 c5 7. dxc5 Bxc5 8. O-O
Be7 9. Nc3 O-O 10. Bf4 Na6 11. Rfd1 Nc5 12. Qc2 Qc8 13. Rd4 d5 14. cxd5 Nxd5
15. Nxd5 Bxd5 16. Rad1 $5 Ne4 $1 17. Qd3 $5 Qb7 18. Nd2 $6 Nf6 $6 (18... Nxf2
$1 19. Bxd5 Nh3+ 20. Kg2 Nxf4+ 21. gxf4 exd5 22. Rxd5 Rad8 {gains a plus (Van
Wely and Chuchelov).}) 19. e4 Bc6 20. Bd6 $1 Bxd6 21. Rxd6 Rac8 {Black
prepares ..e5.} ({He avoids} 21... e5 $2 22. Qc3 Bxe4 23. Nxe4 Nxe4 24. Qxe5 {
(Gershon).}) 22. e5 Bxg2 23. exf6 Bd5 $1 {A rook has been imprisoned. So White
has to hurry with his attack.} 24. Qd4 (24. fxg7 Kxg7 25. Qd4+ {brings no
advantage to either side.}) 24... gxf6 25. Qxf6 Qc7 26. Qg5+ Kh8 27. Qf6+ Kg8
28. Rxd5 {Loek ended the game with humour.} 1/2-1/2

[Event "Corus"]
[Site "Wijk aan Zee 66"]
[Date "2004.01.19"]
[Round "8"]
[White "Adams, Michael"]
[Black "Kramnik, Vladimir"]
[Result "1-0"]
[WhiteElo "2720"]
[BlackElo "2777"]
[Annotator "JvR"]
[PlyCount "85"]
[EventDate "2004.??.??"]
[EventCountry "NED"]

1. e4 c5 2. Nf3 d6 3. d4 cxd4 4. Nxd4 Nf6 5. Nc3 a6 6. Be3 e6 7. Be2 Be7 8. a4
Nc6 9. O-O O-O 10. f4 Qc7 11. Kh1 Re8 12. Bf3 Rb8 13. Qe1 e5 14. Nde2 exf4 15.
Nxf4 Be6 16. Bh5 $5 (16. Be2 {was played in Dolmatov-Ftacnik, Manila 1990.})
16... Nxh5 17. Nxh5 Qa5 18. Nf4 Bc4 19. Nd3 Qd8 $5 20. b3 Bxd3 21. cxd3 Bf6 22.
Rc1 Nb4 23. Qd2 d5 24. Bc5 Bg5 $5 25. Qf2 $1 Nxd3 26. Qxf7+ Kh8 27. Bd4 Bh6 28.
Rcd1 dxe4 29. Ba7 $1 {Kramnik has to solve a difficult tactical position.} Re7
$2 ({Right is} 29... Rf8 $1 30. Qxf8+ Qxf8 31. Rxf8+ Rxf8 32. Nxe4 Nb2 $1 {
(Adams).}) 30. Qf5 Ra8 31. Nxe4 Rd7 ({Not} 31... Rxa7 $4 32. Qf8+) 32. Bb6 Qe8
33. a5 $1 Kg8 $6 34. Qg4 $6 (34. Rf3 $1 Ne5 35. Rxd7 Nxd7 36. Nd6 {wins more
quickly (Adams).}) 34... Kh8 35. Rf8+ Qxf8 36. Qxd7 Ne5 37. Qxb7 g6 38. h3 Bg7
39. Nd6 h5 40. b4 Qg8 41. Bc5 Qb8 42. Qe4 $1 Kh7 43. Rd5 {The restraint became
fatal for Black.} 1-0